The Stationary Trawl(Dai)Fishery of the Tonle Sap-Great Lake System Cambodia. (Record no. 22170)
[ view plain ]
| 000 -LEADER | |
|---|---|
| fixed length control field | 00305nam a22001097a 4500 |
| 040 ## - CATALOGING SOURCE | |
| Transcribing agency | RUA |
| 082 ## - DEWEY DECIMAL CLASSIFICATION NUMBER | |
| Classification number | MRC AUG 2013 C011 Or. |
| 245 ## - TITLE STATEMENT | |
| Title | The Stationary Trawl(Dai)Fishery of the Tonle Sap-Great Lake System Cambodia. |
| 260 ## - PUBLICATION, DISTRIBUTION, ETC. (IMPRINT) | |
| Place of publication | phnom penh |
| Name of publisher | rua |
| Year of publication | 2013 |
| 300 ## - PHYSICAL DESCRIPTION | |
| Number of Pages | xxiv.142p. |
| Other physical details | ill. |
| Dimensions | 29cm. |
| 942 ## - ADDED ENTRY ELEMENTS (KOHA) | |
| Koha item type | ឯកសារស្រាវជ្រាវ |
| 952 ## - LOCATION AND ITEM INFORMATION (KOHA) | |
| Withdrawn status [LOCAL, KOHA] | 0 |
| 952 ## - LOCATION AND ITEM INFORMATION (KOHA) | |
| Withdrawn status [LOCAL, KOHA] | 0 |
| Permanent Location | Date acquired | Koha item type | Lost status | Shelving location | Barcode | Current Location | Full call number |
|---|---|---|---|---|---|---|---|
| Library Block C | 2023-11-10 | ឯកសារស្រាវជ្រាវ | C011 | a075116 | Library Block C | MRC AUG 2013 C011 Or. | |
| Library Block C | 2023-11-10 | ឯកសារស្រាវជ្រាវ | C011 | a075108 | Library Block C | MRC AUG 2013 C011 Or. |